<?xml version="1.0" encoding="UTF-8"?>
<record
    xmlns:xsi="http://www.w3.org/2001/XMLSchema-instance"
    xsi:schemaLocation="http://www.loc.gov/MARC21/slim http://www.loc.gov/standards/marcxml/schema/MARC21slim.xsd"
    xmlns="http://www.loc.gov/MARC21/slim">

  <leader>01873    a2200217   4500</leader>
  <controlfield tag="001">15168</controlfield>
  <controlfield tag="005">20260407155449.0</controlfield>
  <controlfield tag="008">260407a1997    arg                 spa d</controlfield>
  <controlfield tag="003">AR-UNSa-BCEJYS</controlfield>
  <datafield tag="040" ind1=" " ind2=" ">
    <subfield code="a">AR-UNSa-BCEJYS</subfield>
    <subfield code="b">spa</subfield>
    <subfield code="c">AR-UNSa-BCEJYS</subfield>
  </datafield>
  <datafield tag="080" ind1=" " ind2=" ">
    <subfield code="a">658.011.56</subfield>
    <subfield code="x">Automatizaci&#xF3;n</subfield>
  </datafield>
  <datafield tag="245" ind1="1" ind2="0">
    <subfield code="a">Intranets, empresa y gesti&#xF3;n documental</subfield>
    <subfield code="p">c&#xF3;mo enfocar en la pr&#xE1;ctica la tecnolog&#xED;a desde la necesidad de eficiencia en todo tipo de empresas</subfield>
  </datafield>
  <datafield tag="020" ind1=" " ind2=" ">
    <subfield code="a">84-481-1062-5</subfield>
  </datafield>
  <datafield tag="264" ind1=" " ind2="1">
    <subfield code="a">Madrid :</subfield>
    <subfield code="b">McGraw-Hill</subfield>
    <subfield code="c">1997</subfield>
  </datafield>
  <datafield tag="300" ind1=" " ind2=" ">
    <subfield code="a">xviii, 264 p.</subfield>
    <subfield code="c">23 cm.</subfield>
  </datafield>
  <datafield tag="505" ind1=" " ind2=" ">
    <subfield code="a">1. Centr&#xE1;ndonos en la gesti&#xF3;n documental - 2. Lo que hacemos - 3. Lo que queremos hacer. &#xBF;Qu&#xE9; necesidades tenemos? - 4. &#xBF;En qu&#xE9; consiste un sistema de gesti&#xF3;n documental? - 5. World Wide Web y las intranets - 6. Los subsistemas de base de datos documental y el correo electr&#xF3;nico - 7. Los subsistemas de im&#xE1;genes y de OCR - 8. Los subsistemas de base de datos relacional, ofim&#xE1;tica y thesaurus - 9. Caracter&#xED;sticas de la plataforma que debe soportar a la gesti&#xF3;n documental - 10. Aplicaciones concretas de gesti&#xF3;n documental - 11. Enfoque general de las operaciones necesarias para implantar un sistema de gesti&#xF3;n documental - 12. El an&#xE1;lisis y dise&#xF1;o del sistema de gesti&#xF3;n documental. Generalidades y an&#xE1;lisis - 13. El an&#xE1;lisis y dise&#xF1;o del sistema de gesti&#xF3;n documental. Dise&#xF1;o y conclusiones - 14. La fase de integraci&#xF3;n, desarrollo y pruebas del sistema de gesti&#xF3;n documental - 15. La implantaci&#xF3;n del sistema de gesti&#xF3;n documental - 16. La fase de administraci&#xF3;n y mantenimiento del sistema de gesti&#xF3;n documental - 17. Estudio de riesgos. An&#xE1;lisis coste/beneficio</subfield>
  </datafield>
  <datafield tag="942" ind1=" " ind2=" ">
    <subfield code="c">BK</subfield>
  </datafield>
  <datafield tag="590" ind1=" " ind2=" ">
    <subfield code="a">niveau_biblio:m niveau_hierar:0</subfield>
  </datafield>
  <datafield tag="100" ind1="1" ind2=" ">
    <subfield code="a">Siminiani, Mariano</subfield>
  </datafield>
  <datafield tag="856" ind1="4" ind2="1">
    <subfield code="u">https://www.biblioeco.unsa.edu.ar/pmb/images/libros/15168.jpg</subfield>
    <subfield code="y">Imagen de portada</subfield>
    <subfield code="q">image/jpeg</subfield>
  </datafield>
  <datafield tag="999" ind1=" " ind2=" ">
    <subfield code="c">616</subfield>
    <subfield code="d">616</subfield>
  </datafield>
  <datafield tag="952" ind1=" " ind2=" ">
    <subfield code="0">0</subfield>
    <subfield code="1">0</subfield>
    <subfield code="4">0</subfield>
    <subfield code="7">0</subfield>
    <subfield code="a">BCEJYS</subfield>
    <subfield code="b">BCEJYS</subfield>
    <subfield code="c">16</subfield>
    <subfield code="d">2026-04-07</subfield>
    <subfield code="l">0</subfield>
    <subfield code="o">658.011.56 S588</subfield>
    <subfield code="p">L119008</subfield>
    <subfield code="r">2026-04-07 15:54:49</subfield>
    <subfield code="w">2026-04-07</subfield>
    <subfield code="y">L</subfield>
  </datafield>
</record>
